| 000 | 00825 a2200265 4500 | ||
|---|---|---|---|
| 001 | 117689 | ||
| 020 | _a9788576792604 | ||
| 020 | _q(broch.) | ||
| 041 | _apor | ||
| 082 | _a[Fic] | ||
| 100 | _aFrench, Vivian | ||
| 240 | 1 | 0 | _aThe Tiara Club in Princess Katie and the Silver Pony |
| 250 | _a.ed. | ||
| 490 | _aClube da Tiara | ||
| 521 | _aYear 3 | ||
| 697 | _aLiteratura infantojuvenil | ||
| 856 | _u00002c/00002c96.jpg | ||
| 040 |
_aBR-BrIDEA _cBR-BrIDEA |
||
| 090 |
_aA Year 3 [Fic] _bFRE |
||
| 245 | 1 | 0 |
_aClube da Tiara _bPrincesa Katie e o Pônei Prateado _cVivian French ; ilustrações de Sarah Gibb ; tradução de Lilian Palhares |
| 260 |
_aOsasco, SP _bNovo Século _c2009 |
||
| 300 |
_a[88] p. _e? 20.8 x 13.4 x 0.6 cm |
||
| 700 |
_aGibb, Sarah _eilustrador _aPalhares, Lilian _etradutor |
||
| 942 | _cBK | ||
| 999 |
_c117689 _d117689 |
||